| 000 | 00822cam a22002771 4500 | ||
|---|---|---|---|
| 001 | 6464792 | ||
| 003 | OSt | ||
| 005 | 20140310184242.0 | ||
| 008 | 720510s1945 nyua j 000 1 eng | ||
| 010 | _a 45009585 | ||
| 020 | _a0439662206 | ||
| 035 | _a(OCoLC)305785 | ||
| 040 |
_aDLC _cODaWU _dOCoLC _dDLC |
||
| 050 | 0 | 0 |
_aPZ 10.3 _b.W5845 1945 |
| 100 | 1 |
_aWhite, E. B. _q(Elwyn Brooks), _d1899-1985. _924449 |
|
| 245 | 1 | 0 |
_aStuart Little / _cpictures by Garth Williams. |
| 260 |
_aNew York, _aLondon, _bHarper & Brothers _bscholastic _c[1945] |
||
| 300 |
_a131 p. : _bill. ; _c21 cm. |
||
| 521 | _aG8 | ||
| 526 | _c920 | ||
| 710 | 2 |
_aJuvenile Collection (Library of Congress) _5DLC _93833 |
|
| 906 |
_a7 _bcbc _coclcrpl _du _encip _f19 _gy-gencatlg |
||
| 942 |
_2lcc _cBK-SCHOLAS |
||
| 999 |
_c33279 _d33279 |
||